000 00425nam a2200169 a 4500
001 0000-9000
003 ELIB.Books
008 110520 2001
035 _a(ELIB.Books)0000-9149
082 _aB.Th
_bEdw
100 _aEdward, Saw
245 _aTrue Joy in the Lord
260 _bInsein: Karen Baptist Theolgical Seminary
_c2001
650 _aThesis
942 _2ddc
_cBK
998 _cbat
_e2011-05-20
999 _c9000
_d9000